Statistics for F1 2021 Team Bosses

Click here to take the quiz!

General Stats

  • This quiz has been taken 216 times
  • The average score is 6 of 10

Answer Stats

HintAnswer% Correct
Mercedes AMG PetronasToto Wolff
94%
Red Bull RacingChristian Horner
92%
Haas F1 TeamGuenther Steiner
82%
Scuderia FerrariMattia Binotto
81%
McLaren F1 TeamZak Brown
77%
Scuderia Alpha Tauri HondaFranz Tost
61%
Alfa Romeo Racing ORLENFrederic Vasseur
51%
Aston Martin (Racing Point)Otmar Szafnauer
45%
Alpine F1 Team (Renault)Cyril Abiteboul
19%
Williams RacingSimon Roberts
8%

Score Distribution

Percentile by Number Answered

Percent of People with Each Score

Your Score History

You have not taken this quiz